Statistics for Ozuna Charting Songs (Billboard Hot 100)

Click here to take the quiz!

General Stats

  • This quiz has been taken 98 times
    (39 since last reset)
  • The average score is 12 of 20

Answer Stats

AlbumWeeks OnPeakArtist(s)Song% Correct
Non-Album Single18 Weeks#43Anuel AA, Daddy Yankee, Karol G, Ozuna & J. BalvinChina
86%
Non-Album Single3 Weeks#95Natti Natasha x OzunaCriminal
86%
Carte Blanche26 Weeks#11DJ Snake ft. Selena Gomez, Ozuna & Cardi BTaki Taki
82%
Non-Album Single21 Weeks#36Casper Magico, Nio Garcia, Darell, Nicky Jam, Ozuna & Bad BunnyTe Bote
82%
Enoc10 Weeks#76Ozuna x Karol G x Myke TowersCaramelo
79%
Ozutochi4 Weeks#85Ozuna ft. FeidHey Mor
79%
Odisea20 Weeks#49Ozuna & Romeo SantosEl Farsante
71%
Non-Album Single3 Weeks#65Shakira & OzunaMonotonia
68%
Non-Album Single2 Weeks#86Tainy, Anuel AA & OzunaAdicto
64%
Nibiru9 Weeks#69Ozuna x Daddy Yankee x J Balvin x Farruko x Anuel AABaila Baila Baila
61%
Aura2 Weeks#94Ozuna x Manuel TurizoVaina Loca
61%
Victory20 Weeks#63Wisin ft. OzunaEscapate Conmigo
54%
Aura14 Weeks#52Ozuna x Cardi BLa Modelo
50%
Translation11 Weeks#62The Black Eyed Peas, Ozuna + J.Rey SoulMAMACITA
50%
Los Dioses1 Week#100Anuel AA & OzunaAntes
46%
Ahora3 Weeks#77Reik ft. Ozuna & WisinMe Niego
46%
Suenos20 Weeks#34Sech, Darell, Nicky Jam, Ozuna & Anuel AAOtro Trago
46%
Non-Album Single6 Weeks#91Nicky Jam x OzunaTe Robare
39%
Aura1 Week#72OzunaUnica
39%
Nibiru1 Week#92OzunaAmor Genuino
14%

Score Distribution

Percentile by Number Answered

Percent of People with Each Score

Your Score History

You have not taken this quiz since the last reset